000 00317nam a2200121Ia 4500
008 230303s9999 xx 000 0 und d
041 _aeng
082 _a621.3077 SMI
100 _aSmiths ( S. Parker )
245 _aProblems in Electrical Engineerng
260 _aND
_bC.B.S Publisher and Distributor
365 _cRS
999 _c185821
_d185821